| 000 | 00949nam a2200301 i 4500 | ||
|---|---|---|---|
| 001 | 13263 | ||
| 003 | ES-MaBCM | ||
| 005 | 20241016091738.0 | ||
| 008 | 871020s1986 esp 000 0 spa d | ||
| 020 | _a84-7542-335-3 | ||
| 021 | _axx | ||
| 035 | _a(OCoLC)318181745 | ||
| 040 | _cES-MaBCM | ||
| 041 | 0 | _aspa | |
| 043 | _aesp | ||
| 080 | _a327(460) | ||
| 080 | _a342.25(460):327 | ||
| 100 | 1 |
_aJáuregui Bereciartu, Gurutz _923462 |
|
| 245 | 1 | 4 |
_aLas Comunidades Autónomas y las relaciones internacionales _cGurutz Jáuregui Bereciartu |
| 260 |
_aOñati : _bInstituto Vasco de Administración Pública, _c1986 |
||
| 300 |
_a177 p. _c26 cm |
||
| 440 | 0 |
_aColección investigación para la autonomía _996393 _v8 |
|
| 650 | 2 | 7 |
_aComunidad autónoma _958018 |
| 650 | 2 | 7 |
_aRelación internacional _960079 |
| 651 | 2 | 4 |
_aEspaña _9115342 |
| 710 | 2 |
_aInstituto Vasco de Administración Pública _952426 _bServicio de Estudios |
|
| 942 | _cBK | ||
| 999 |
_c13263 _d13263 |
||